| 000 | 006740000a22001930004500 | ||
|---|---|---|---|
| 001 | 768714001 | ||
| 003 | CO-MdFUSB | ||
| 005 | 20170616113813.0 | ||
| 008 | 170616s1986 ag ||||| |||| 00| 0 spa d | ||
| 022 | _a0122-2996 | ||
| 040 |
_aCO-MdFUSB _bspa _cCO-MdFUSB _dCO-MdFUSB |
||
| 041 | _aspa | ||
| 100 | 1 |
_aDeiros, Pablo A. (Alberto) (1945-) _eautor |
|
| 245 | 1 | 0 | _aPerspectiva histórica del ministerio en la iglesia apostólica y posapostólica |
| 300 |
_aVolumen 18. Número 23 (1986), Páginas 126-148 _c22 cm. |
||
| 546 | _aTexto en español | ||
| 773 | 0 |
_tBoletín Teológico _049507 _961485 _gVolumen 18. Número 23 (1986), Páginas 126-148 _qPágina 126 |
|
| 942 | _cANA | ||
| 999 |
_c59660 _d59660 |
||